000 01088nam0a22003011 4500
001 RU\INFOCOMM_318\NLR\5000071828
005 20250613103707.0
035 _a(NLR Aleph) 009477246
090 _a8564720
_c8564720
100 _a20121126d1984 |||y0rusy50 ca
101 0 _aswe
102 _aRU
105 _ay z |||||
200 1 _aSovjetiska sportens stjärnor
_fTexten: Sofia Iljina
_gIll.: Andrej Sjpakov
210 _a[M.]
_cPresstjänsten "Novostis" förl.
_d1984
215 _a[64] с.
_cил., цв. ил., портр.
_d16×22 см
300 _aВ вып. дан.: Звезды советского спорта / Авт.-сост. Софья Ильина
300 _aНа обл. авт. не указан
606 0 _aСпортсмены
_yСССР
_9936665
_3RU\NLR\AUTH\66345844
620 _aМосква
686 _aЧ513(2)7-8
_2rubbk
700 1 _9z01790
_aIl'ina
_bS. I.
_gSof'ja Il'inična
790 1 _9z01700
_aIljina
_bS.
_gSofia
_4070
801 1 _aRU
_bNLR
_c20121126
801 0 _aRU
_bINFOCOMM
_gPSBO
852 _aNLR
_jФк01 Д-6/14
942 _cBOOK
980 _aNB